000 00304nam a22001217a 4500
008 160504b xxu||||| |||| 00| 0 eng d
020 _a9780130985781
020 _a0130985783
041 _aeng
080 _a61
245 _aAction research in health:
_cErnie Stringer; William J. Genat;
942 _2udc
_cBK
999 _c1769
_d1769